00978nam a2200253Ia 4500008004100000020002200041050002000063100002000083245017700103250001100280260003700291300001900328337001100347338001400358339001200372500003100384500002100415630008700436650003100523700004400554942001200598952009700610999001700707121028s2010 mx 000 0 spa d a978-0-324-66528-4 4aT58.6 S731 20101 aSTAIR, Ralph M.1 aPrincipios de sistemas de información b: enfoque administrativoc / Ralph M. Stair, George W. Reynolds ; traducción Julio Coro Pando, Jorge L. Blanco y Enrique Mercado a9a ed. aMéxico : International Thomson a658 páginas  atexto  asin medio avolumen aPlan flexible (03 007453) aIncluye índice aTraducción de: Principles of information systems : a managerial approach 9th ed.14aSISTEMAS DE COMPUTACIÓN 1 aREYNOLDS, George Walter, b1944-eautor cLB2lcc 00104070a03b03d2014-10-10l0oT58.6 S731 2010p03 007453r2014-10-10t1w2014-10-10yLB c94558d94558